| 000 -CABECERA |
| campo de control de longitud fija |
03773nam a2200241 a 4500 |
| 001 - NÚMERO DE CONTROL |
| campo de control |
000008221 |
| 003 - IDENTIFICADOR DEL NÚMERO DE CONTROL |
| campo de control |
CO-MqBPB |
| 005 - FECHA Y HORA DE LA ÚLTIMA TRANSACCIÓN |
| campo de control |
20250318175225.0 |
| 008 - DATOS DE LONGITUD FIJA--INFORMACIÓN GENERAL |
| campo de control de longitud fija |
990310s1996 esp gr 0 000 d |
| 020 ## - NÚMERO INTERNACIONAL ESTÁNDAR DEL LIBRO |
| Número Internacional Estándar del Libro |
9781400223510 |
| 040 ## - FUENTE DE LA CATALOGACIÓN |
| Centro catalogador/agencia de origen |
CO-MqBPB |
| Lengua de catalogación |
spa |
| Centro/agencia transcriptor |
CO-MqBPB |
| 082 04 - NÚMERO DE LA CLASIFICACIÓN DECIMAL DEWEY |
| Número de clasificación |
131.3 |
| Número de documento/Ítem |
H11t |
| 245 10 - MENCIÓN DE TÍTULO |
| Título |
LasTrampas del Miedo / |
| Mención de responsabilidad, etc. |
Daniel Habif |
| 250 ## - MENCIÓN DE EDICIÓN |
| Mención de edición |
Primera edición |
| 260 ## - PUBLICACIÓN, DISTRIBUCIÓN, ETC. |
| Lugar de publicación, distribución, etc. |
Ciudad de México , México : |
| Nombre del editor, distribuidor, etc. |
Editorial Harper Collins, |
| Fecha de publicación, distribución, etc. |
2021. |
| 300 ## - DESCRIPCIÓN FÍSICA |
| Extensión |
432 páginas. |
| Dimensiones |
23 cm |
| 500 ## - NOTA GENERAL |
| Nota general |
Un arsenal de armas contra el miedo que te llevará a establecer una nueva relación con las circunstancias que te producirán e iniciarán el camino a un nuevo y mejor futuro. a las dimensiones biológicas, psicológicas y espirituales de los temores que debemos desmantelar. El autor explica cómo operan estas trampas y ofrece herramientas para superarlas, pero no se queda allí: incluye varias de las secuelas que el miedo causa y explora alternativas para enfrentarlas. el mapa de tu propósitonavegar la soledadcatalizar la pérdidaaprender a meditar y orar Habif potencia su habitual discurso desenfadado y energizante con una recopilación de investigaciones que soportan la médula de su pensamiento, varias de a contrapelo de lo que suele repetirse en los discursos de motivación.Es un arsenal de datos de interés y ejercicios de fácil aplicación y seguimiento. ausencia de control interno o el rechazo al amor.Desde los padecimientos producidos por el miedo a su recuperación, Habif escoge sus experiencias y comparte las claves de su éxito. Estos conocimientos llevarán a los lectores a establecer una nueva relación con las circunstancias que producen temor ya comprender que no tiene que huirle, sino responder con los mismos recursos que este aplica: una estrategia de trampas. «La vida es el libro de los hechos, no de los intentos. Este es el momento de apostar en ti, porque si no lo haces tú, ¿quién lo va a hacer? »―Daniel HabifFear TrapsUn arsenal de armas contra el miedo que te llevará a establecer una nueva relación con las circunstancias que producen miedo y comenzar el camino hacia un nuevo y mejor futuro.En Fear Traps, la secuela del bestseller, Unbreakables, es un viaje a las dimensiones biológicas, psicológicas y espirituales del miedo que debemos desmantelar |
| 520 ## - SUMARIO, ETC. |
| Sumario, etc. |
El autor explica cómo funcionan estas trampas y ofrece herramientas para superarlas. Fear Traps es para ti si quieres: desmantelar miedos paralizantes tomar mejores decisiones crear un mapa para su propósito navegar la soledad enfrentarse a la pérdida aprender a meditar y orar En este libro, Habif nos guía con su habitual manera alegre y enérgica a través de la investigación que respalda el núcleo de su pensamiento, yendo en contra de lo que es común en muchos otros libros de motivación y autoayuda. Fear Traps es un arsenal de datos interesantes y ejercicios fáciles de aplicar y seguir. Este libro guía al lector a las profundidades de la comprensión del miedo así como a ciertos comportamientos que, sin saberlo, están vinculados al miedo, como las adicciones, el dolor, la falta de autocontrol o el rechazo al amor. Desde el sufrimiento causado por el miedo hasta la recuperación, Habif cuenta sus vivencias y comparte las claves de su éxito. Estas percepciones llevarán a los lectores a establecer una nueva relación con las circunstancias que producen el miedo ya comprender que no hay que huir de él, sino responder con estrategias específicas. “La vida es el libro de la acción, no de las intenciones. Este es el momento de apostar por ti mismo, porque si no lo haces, ¿quién lo hará? ―Daniel Habif<br/> |
| 650 14 - PUNTO DE ACCESO ADICIONAL DE MATERIA--TÉRMINO DE MATERIA |
| Término de materia o nombre geográfico como elemento de entrada |
Éxito |
| 650 24 - PUNTO DE ACCESO ADICIONAL DE MATERIA--TÉRMINO DE MATERIA |
| Término de materia o nombre geográfico como elemento de entrada |
Superación |
| 650 24 - PUNTO DE ACCESO ADICIONAL DE MATERIA--TÉRMINO DE MATERIA |
| Término de materia o nombre geográfico como elemento de entrada |
Autocontrol |
| 942 ## - ELEMENTOS DE PUNTO DE ACCESO ADICIONAL (KOHA) |
| Fuente del sistema de clasificación o colocación |
|
| Tipo de ítem Koha |
Libro |